[Event "FRA-chT"]
[Site "FRA"]
[Date "1998.02.06"]
[Round "1"]
[White "Verdier, Patrice"]
[Black "Boyd, Stephen"]
[Result "0-1"]
[WhiteElo "2315"]
[BlackElo "2355"]
[PlyCount "96"]
[EventDate "1998.02.06"]
[Source "ChesBase"]
[SourceDate "1998.07.07"]

1. d4 Nf6 2. c4 g6 3. Nc3 Bg7 4. e4 d6 5. f4 O-O 6. Nf3 Na6 7. Bd3 e5 8. fxe5
dxe5 9. d5 c6 10. O-O Nc5 11. Bc2 cxd5 12. cxd5 Ne8 13. Be3 b6 14. b4 Na6 15.
a3 Nd6 16. Bb3 Nc7 17. a4 Bd7 18. Kh1 h6 19. Nd2 f5 20. Nc4 Nce8 21. Qe2 Nxc4
22. Bxc4 Nd6 23. Bd3 Rc8 24. Ra3 fxe4 25. Nxe4 Bf5 26. Ng3 Qh4 27. Rb3 Bxd3 28.
Qxd3 e4 29. Qe2 Be5 30. Bg1 Rxf1 31. Qxf1 Rf8 32. Qe2 Nf5 33. Nxf5 gxf5 34. Rh3
Qf6 35. Qc4 Rf7 36. Qc8+ Kh7 37. Rh5 Qg6 38. Rh3 Rg7 39. Rg3 Bxg3 40. hxg3 Qh5+
41. Bh2 Qd1+ 42. Bg1 Qxd5 43. Be3 Rxg3 44. Qc7+ Rg7 45. Qf4 Qd1+ 46. Kh2 Qh5+
47. Kg1 Qh3 48. Qf2 Rxg2+ 0-1

[Event "FRA-chT"]
[Site "FRA"]
[Date "1998.02.06"]
[Round "1"]
[White "Werner, Veronika"]
[Black "Hagege, Gerard"]
[Result "1-0"]
[WhiteElo "2225"]
[BlackElo "2205"]
[PlyCount "43"]
[EventDate "1998.02.06"]
[Source "ChesBase"]
[SourceDate "1998.07.07"]

1. e4 c5 2. c3 e6 3. d4 d5 4. exd5 exd5 5. Be3 c4 6. b3 cxb3 7. axb3 Nf6 8. Bd3
Bd6 9. h3 O-O 10. Qf3 Re8 11. Ne2 Ne4 12. O-O Re6 13. Nf4 Rf6 14. Bxe4 dxe4 15.
Qxe4 Bf5 16. Qxb7 Nd7 17. Nd2 Rb8 18. Qxa7 Bc2 19. Nd5 Rg6 20. Bf4 Qh4 21. Qxd7
Rd8 22. Nf3 1-0

[Event "FRA-chT"]
[Site "FRA"]
[Date "1998.02.07"]
[Round "2"]
[White "Anic, Darko"]
[Black "Toulzac, Pierre Yves"]
[Result "1-0"]
[WhiteElo "2455"]
[BlackElo "2265"]
[PlyCount "85"]
[EventDate "1998.02.06"]
[Source "ChesBase"]
[SourceDate "1998.07.07"]

1. Nf3 f5 2. b3 d6 3. d4 Nf6 4. Bb2 g6 5. g3 Bg7 6. Bg2 O-O 7. O-O Qe8 8. c4 h6
9. Nbd2 Na6 10. Qc2 c6 11. Rae1 Qf7 12. Nh4 Bd7 13. e4 fxe4 14. Nxe4 g5 15.
Nxf6+ Qxf6 16. Nf3 Rf7 17. Re3 Bf5 18. Qd2 Nc5 19. Ne5 Nxb3 20. Rxb3 dxe5 21.
dxe5 Qe6 22. Rxb7 Bh3 23. Bxh3 Qxh3 24. Qd7 Qxd7 25. Rxd7 Rb8 26. e6 Rf5 27.
Bxg7 Kxg7 28. Rxe7+ Kf6 29. Rxa7 Kxe6 30. Re1+ Kf6 31. Rae7 Kg6 32. R1e6+ Rf6
33. Rxf6+ Kxf6 34. Rh7 Kg6 35. Rc7 Rb6 36. c5 Ra6 37. Rd7 h5 38. Rd6+ Kf5 39.
h3 Rxa2 40. Rxc6 Rc2 41. Kg2 Rc3 42. Rh6 Rxc5 43. h4 1-0

[Event "FRA-chT"]
[Site "FRA"]
[Date "1998.02.07"]
[Round "2"]
[White "Bauer, Christian"]
[Black "Kinsman, Andrew PH"]
[Result "1-0"]
[WhiteElo "2520"]
[BlackElo "2430"]
[PlyCount "61"]
[EventDate "1998.02.06"]
[Source "ChesBase"]
[SourceDate "1998.07.07"]

1. e4 e6 2. d4 d5 3. Nd2 Nf6 4. e5 Nfd7 5. f4 c5 6. c3 Nc6 7. Ndf3 Qb6 8. a3 a5
9. b3 Be7 10. h4 cxd4 11. cxd4 f6 12. Bd3 O-O 13. Ne2 Kh8 14. Bb1 Qd8 15. Qd3
f5 16. Ng5 Nb6 17. a4 Bd7 18. Kf2 Rc8 19. Bd2 Na8 20. Qf3 Qe8 21. g4 Nc7 22.
Bd3 Nb4 23. gxf5 exf5 24. Bxb4 Bxb4 25. Rac1 Qe7 26. Qh5 h6 27. Qg6 hxg5 28.
hxg5+ Kg8 29. Rh8+ Kxh8 30. Qh5+ Kg8 31. g6 1-0

[Event "FRA-chT"]
[Site "FRA"]
[Date "1998.02.07"]
[Round "2"]
[White "Belkhodja, Slim"]
[Black "Salaun, Yann"]
[Result "1-0"]
[WhiteElo "2405"]
[BlackElo "2360"]
[PlyCount "41"]
[EventDate "1998.02.06"]
[Source "ChesBase"]
[SourceDate "1998.07.07"]

1. e4 e6 2. d3 d5 3. Qe2 c5 4. Nf3 Nc6 5. g3 dxe4 6. dxe4 Nd4 7. Nxd4 cxd4 8.
Bg2 Ne7 9. O-O Nc6 10. e5 Bd7 11. c3 Qb6 12. Nd2 O-O-O 13. Nc4 Qa6 14. Bg5 Nxe5
15. Bxd8 Nxc4 16. Bg5 dxc3 17. Rac1 Bb5 18. Rxc3 Kb8 19. Rfc1 Nd6 20. Qe5 Bd7
21. Rc7 1-0

[Event "FRA-chT"]
[Site "FRA"]
[Date "1998.02.07"]
[Round "2"]
[White "Bellon Lopez, Juan Manuel"]
[Black "Roos, Jean Luc"]
[Result "1-0"]
[WhiteElo "2455"]
[BlackElo "2315"]
[PlyCount "69"]
[EventDate "1998.02.06"]
[Source "ChesBase"]
[SourceDate "1998.07.07"]

1. d4 e6 2. c4 f5 3. g3 Nf6 4. Bg2 d5 5. Nh3 c6 6. Qc2 a5 7. O-O Be7 8. Nd2 O-O
9. e3 b6 10. b3 Ra7 11. Nf3 Na6 12. Ne5 Rc7 13. Qd2 c5 14. Rd1 Ne4 15. Bb2 Bf6
16. f3 Nd6 17. Nf4 dxc4 18. Nxc4 Nxc4 19. bxc4 Qe8 20. d5 e5 21. Nd3 Nb8 22.
Qc2 g5 23. Rab1 Rg7 24. Bc3 Nd7 25. Nf2 h5 26. Qxf5 e4 27. Qe6+ Qxe6 28. dxe6
Bxc3 29. exd7 Bxd7 30. Nxe4 Bb4 31. Nxg5 Bf5 32. e4 Rxg5 33. Rd5 Kh7 34. f4 Rg7
35. exf5 1-0

[Event "FRA-chT"]
[Site "FRA"]
[Date "1998.02.07"]
[Round "2"]
[White "Benitah, Yohan"]
[Black "Duquesnoy, Jean Philip"]
[Result "1-0"]
[WhiteElo "2345"]
[BlackElo "2240"]
[PlyCount "93"]
[EventDate "1998.02.06"]
[Source "ChesBase"]
[SourceDate "1998.07.07"]

1. d4 Nf6 2. c4 g6 3. Nc3 d5 4. Bg5 Ne4 5. Bf4 Nxc3 6. bxc3 Bg7 7. e3 c5 8. Nf3
O-O 9. Be2 Nc6 10. O-O dxc4 11. Bxc4 cxd4 12. cxd4 Na5 13. Be2 Be6 14. Qa4 Rc8
15. Rfc1 Nc6 16. Qb5 Bd5 17. Bg5 h6 18. Bh4 a6 19. Qa4 Qd7 20. Rab1 f5 21. Rc5
e6 22. Bg3 Rf7 23. h4 Ra8 24. Kf1 Bf6 25. Bf4 Kh7 26. Rcc1 Rg7 27. Bb5 Ra7 28.
Bxc6 Bxc6 29. Qd1 Qd5 30. a3 g5 31. hxg5 hxg5 32. Be5 Bxe5 33. Rc5 Qd8 34. Nxe5
Bb5+ 35. Kg1 g4 36. a4 Be8 37. Qb3 Qf6 38. Rc8 Bg6 39. Qb6 f4 40. Rf1 f3 41.
Qxa7 fxg2 42. Qb8 gxf1=Q+ 43. Kxf1 Rf7 44. Nxg4 Bd3+ 45. Ke1 Qg7 46. Qh2+ Kg6
47. Ne5+ 1-0

[Event "FRA-chT"]
[Site "FRA"]
[Date "1998.02.07"]
[Round "2"]
[White "Brochet, Philippe"]
[Black "Palac, Mladen"]
[Result "1/2-1/2"]
[WhiteElo "2270"]
[BlackElo "2545"]
[PlyCount "94"]
[EventDate "1998.02.06"]
[Source "ChesBase"]
[SourceDate "1998.07.07"]

1. e4 c5 2. c4 Nc6 3. Nc3 g6 4. g3 Bg7 5. Bg2 Nf6 6. Nge2 O-O 7. Rb1 Ne8 8. a3
a5 9. d3 Nc7 10. h4 d6 11. Be3 Nd4 12. Qd2 Nb3 13. Qd1 Nd4 14. Qd2 Re8 15. Bh6
Nb3 16. Qe3 Bd4 17. Qf3 Bh8 18. h5 Bd7 19. Qf4 e5 20. Qe3 b5 21. cxb5 Nd4 22.
Qd2 Ndxb5 23. Nxb5 Nxb5 24. Nc3 Nxc3 25. bxc3 c4 26. hxg6 hxg6 27. dxc4 Be6 28.
Bf8 Bf6 29. Bxd6 Bxc4 30. Rd1 Bg7 31. Bf1 Qc8 32. Bxc4 Qxc4 33. Qd3 Rac8 34.
O-O Qxc3 35. Qxc3 Rxc3 36. Rd5 Rc4 37. Rxa5 Rxe4 38. Rc1 Rd4 39. Bb4 e4 40. Ra7
e3 41. fxe3 Rde4 42. Re1 Rxe3 43. Rxe3 Rxe3 44. Ra8+ Kh7 45. Bd6 Rd3 46. Bc7
Rc3 47. Bd6 Rd3 1/2-1/2

[Event "FRA-chT"]
[Site "FRA"]
[Date "1998.02.07"]
[Round "2"]
[White "Brossard, Armel"]
[Black "De Sousa, Jose"]
[Result "1/2-1/2"]
[WhiteElo "2210"]
[BlackElo "2230"]
[PlyCount "116"]
[EventDate "1998.02.06"]
[Source "ChesBase"]
[SourceDate "1998.07.07"]

1. e4 c5 2. Nc3 Nc6 3. g3 g6 4. Bg2 Bg7 5. d3 e6 6. Be3 d6 7. Qd2 Rb8 8. Nf3 b5
9. d4 cxd4 10. Nxd4 Ne5 11. b3 Ng4 12. O-O b4 13. Nce2 Nxe3 14. Qxe3 Ne7 15.
Rfd1 O-O 16. c4 bxc3 17. Rac1 Ba6 18. Nxc3 Qd7 19. Bh3 Qb7 20. Qd2 Rfd8 21. Bg2
Qb4 22. Na4 Qxd2 23. Rxd2 Rbc8 24. Rcd1 Rc7 25. Nc2 Bb5 26. Ne3 Bxa4 27. bxa4
Rc6 28. Bf1 a6 29. Rb1 d5 30. Rb7 Nc8 31. exd5 Rcd6 32. Bg2 Nb6 33. a5 Nxd5 34.
Nxd5 exd5 35. Bf1 Bc3 36. Re2 d4 37. Rc2 Bxa5 38. Bd3 Re8 39. a4 Re1+ 40. Kg2
Rd1 41. Be4 d3 42. Rc8+ Kg7 43. Rc5 Be1 44. Rcc7 Rf6 45. f4 Ba5 46. Rd7 d2 47.
Bc2 Re1 48. Bb3 Kh6 49. Bc2 Re2+ 50. Kf3 Re1 51. Rd5 Bc3 52. Rd3 Ba5 53. Rd5
Bc3 54. Rd3 Rc1 55. Bb3 Ba5 56. Kg2 Rb6 57. Rxb6 Bxb6 58. Rxd2 Rc7 1/2-1/2

[Event "FRA-chT"]
[Site "FRA"]
[Date "1998.02.07"]
[Round "2"]
[White "Conquest, Stuart"]
[Black "Julve, Philippe"]
[Result "1-0"]
[WhiteElo "2480"]
[BlackElo "2235"]
[PlyCount "49"]
[EventDate "1998.02.06"]
[Source "ChesBase"]
[SourceDate "1998.07.07"]

1. e4 g6 2. d4 Bg7 3. c3 d6 4. Bg5 Nf6 5. Nd2 O-O 6. Qc2 c6 7. Ngf3 b5 8. a4
Qb6 9. h3 Bb7 10. Bd3 Nbd7 11. O-O a6 12. b4 e5 13. dxe5 Nxe5 14. Nxe5 dxe5 15.
Nb3 Bc8 16. Ra3 Rb8 17. Rfa1 Nd7 18. Be7 Re8 19. Bd6 Ra8 20. c4 Bb7 21. c5 Qd8
22. Na5 Qc8 23. Qa2 Bf8 24. Bxf8 Nxf8 25. axb5 1-0

[Event "FRA-chT"]
[Site "FRA"]
[Date "1998.02.07"]
[Round "2"]
[White "Cruz Lopez Claret, Carlos"]
[Black "Werner, Veronika"]
[Result "1-0"]
[WhiteElo "2240"]
[BlackElo "2225"]
[PlyCount "107"]
[EventDate "1998.02.06"]
[Source "ChesBase"]
[SourceDate "1998.07.07"]

1. d4 d6 2. c4 e5 3. Nf3 e4 4. Ng5 f5 5. Nh3 c6 6. Nc3 Be7 7. g3 Nf6 8. Bg2 Na6
9. O-O Nc7 10. f3 O-O 11. d5 b5 12. fxe4 fxe4 13. cxb5 Nxb5 14. Nxb5 cxb5 15.
Qd4 Bd7 16. Ng5 a6 17. Bd2 Rc8 18. Nxe4 Nxe4 19. Bxe4 Bh3 20. Rxf8+ Qxf8 21.
Qd3 h6 22. Bg2 Bxg2 23. Kxg2 Bf6 24. Rf1 Qe7 25. b3 Re8 26. Rf2 Qe4+ 27. Qxe4
Rxe4 28. Kf3 Re8 29. e4 Rc8 30. Bb4 Be5 31. Ke3 Rc1 32. Kd3 Rd1+ 33. Rd2 Rh1
34. Bc3 Bxc3 35. Kxc3 Re1 36. Kd4 Kf7 37. Rc2 Rd1+ 38. Ke3 Re1+ 39. Kd3 Kf6 40.
Rf2+ Ke7 41. Rc2 Kd7 42. Rc6 Rd1+ 43. Ke2 Rh1 44. Rxa6 Rxh2+ 45. Kf3 Kc7 46. b4
Rb2 47. a3 Rb3+ 48. Kg4 Re3 49. Kf4 Rd3 50. Ra7+ Kc8 51. Rxg7 Rxa3 52. Rg6 Kd7
53. Rxh6 Rb3 54. Rh7+ 1-0

[Event "FRA-chT"]
[Site "FRA"]
[Date "1998.02.07"]
[Round "2"]
[White "Desbones, Samy"]
[Black "Carton, Camille"]
[Result "1-0"]
[WhiteElo "2220"]
[BlackElo "2080"]
[PlyCount "48"]
[EventDate "1998.02.06"]
[Source "ChesBase"]
[SourceDate "1998.07.07"]

1. e4 e6 2. d4 d5 3. Nd2 Nf6 4. e5 Nfd7 5. Bd3 c5 6. c3 Nc6 7. Ngf3 Qb6 8. O-O
cxd4 9. cxd4 Nxd4 10. Nxd4 Qxd4 11. Nf3 Qb6 12. Qa4 Qb4 13. Qc2 g6 14. Bd2 Qc5
15. Qa4 Be7 16. Rac1 Qb6 17. Ba5 Qxb2 18. Bb5 O-O 19. Bxd7 Bxd7 20. Qxd7 Qa3
21. Bd2 Rfd8 22. Qxb7 Rab8 23. Qc7 Rb2 24. Rc3 Qb4 1-0

[Event "FRA-chT"]
[Site "FRA"]
[Date "1998.02.07"]
[Round "2"]
[White "Dorfman, Josif D"]
[Black "Bricard, Emmanuel"]
[Result "1/2-1/2"]
[WhiteElo "2600"]
[BlackElo "2450"]
[PlyCount "39"]
[EventDate "1998.02.06"]
[Source "ChesBase"]
[SourceDate "1998.07.07"]

1. d4 e6 2. c4 Nf6 3. Nf3 d5 4. Nc3 Nbd7 5. Bg5 Be7 6. cxd5 exd5 7. e3 c6 8.
Qc2 Nh5 9. Bxe7 Qxe7 10. g4 Nhf6 11. h3 O-O 12. Bg2 Re8 13. Nd2 Nb6 14. O-O-O
Nfd7 15. Rhe1 Nf8 16. Kb1 Bd7 17. Ka1 a5 18. Nf3 a4 19. Ne5 a3 20. b3 1/2-1/2

[Event "FRA-chT"]
[Site "FRA"]
[Date "1998.02.07"]
[Round "2"]
[White "Flear, Christine"]
[Black "Noyce, Robert"]
[Result "1/2-1/2"]
[WhiteElo "2240"]
[BlackElo "2175"]
[PlyCount "59"]
[EventDate "1998.02.06"]
[Source "ChesBase"]
[SourceDate "1998.07.07"]

1. d4 Nf6 2. Nf3 g6 3. c4 Bg7 4. g3 O-O 5. Bg2 d6 6. Nc3 c6 7. O-O Bf5 8. Ne1
e5 9. d5 cxd5 10. cxd5 Qd7 11. e4 Bh3 12. Nd3 Bxg2 13. Kxg2 Ne8 14. f4 f5 15.
fxe5 Bxe5 16. exf5 gxf5 17. Bf4 Bg7 18. Re1 Na6 19. Qb3 b6 20. Re6 Nac7 21. Re2
Nf6 22. Rae1 Rfe8 23. Qc4 Rxe2+ 24. Rxe2 Qf7 25. Qc6 Nfxd5 26. Nxd5 Qxd5+ 27.
Qxd5+ Nxd5 28. Bxd6 Rd8 29. Be5 Nc3 30. Bxc3 1/2-1/2

[Event "FRA-chT"]
[Site "FRA"]
[Date "1998.02.07"]
[Round "2"]
[White "Flear, Glenn C"]
[Black "Collas, Didier"]
[Result "1-0"]
[WhiteElo "2445"]
[BlackElo "2355"]
[PlyCount "99"]
[EventDate "1998.02.06"]
[Source "ChesBase"]
[SourceDate "1998.07.07"]

1. d4 Nf6 2. c4 c5 3. d5 e6 4. Nc3 exd5 5. cxd5 d6 6. g3 g6 7. Bg2 Bg7 8. Nf3
O-O 9. O-O Re8 10. Bf4 Ne4 11. Nxe4 Rxe4 12. Nd2 Rb4 13. a3 Rxf4 14. gxf4 Bxb2
15. Ra2 Bg7 16. Qb3 Na6 17. Nc4 Rb8 18. a4 Nb4 19. Rd2 b6 20. Rb1 a6 21. Qa3 f5
22. Rxb4 cxb4 23. Qxb4 b5 24. Na5 Qf6 25. Nc6 Rb7 26. a5 Rc7 27. Rd1 Bb7 28.
Qa3 Bc8 29. Bf3 Rb7 30. Rb1 Bd7 31. Kg2 Bf8 32. Qe3 Qh4 33. Qd4 Bg7 34. Qb4 Qf6
35. Qa3 Bf8 36. Nb4 Qd8 37. Rc1 Bh6 38. e3 Bg7 39. Nxa6 Ra7 40. Qxd6 Bf8 41.
Qb8 Qxb8 42. Nxb8 Be8 43. Rc8 Kf7 44. Nc6 Bxc6 45. dxc6 Bd6 46. Bd5+ Kf6 47. a6
b4 48. Re8 Bc5 49. Kf3 h6 50. h4 1-0

[Event "FRA-chT"]
[Site "FRA"]
[Date "1998.02.07"]
[Round "2"]
[White "Flouzat, Jean Marc"]
[Black "Letreguilly, Olivier"]
[Result "1/2-1/2"]
[WhiteElo "2225"]
[BlackElo "2240"]
[PlyCount "135"]
[EventDate "1998.02.06"]
[Source "ChesBase"]
[SourceDate "1998.07.07"]

1. d4 d6 2. Nf3 Bg4 3. e4 Nf6 4. Nc3 e6 5. Be2 d5 6. exd5 exd5 7. O-O Be7 8.
Bf4 c6 9. Re1 O-O 10. h3 Bxf3 11. Bxf3 Bb4 12. Qd3 Re8 13. a3 Bf8 14. Rxe8 Nxe8
15. Re1 Nd7 16. Nd1 g6 17. c3 Ng7 18. Bh6 Ne6 19. Qd2 Qh4 20. Bxf8 Ndxf8 21.
Bg4 Ng5 22. Be2 Ne4 23. Qc1 Ne6 24. Bd3 f5 25. Qe3 Re8 26. f3 Nf4 27. Bf1 Nd6
28. Qf2 Qxf2+ 29. Kxf2 Rxe1 30. Kxe1 Kf7 31. g3 Nh5 32. Kf2 f4 33. g4 Ng7 34.
Ke1 g5 35. b3 Ne6 36. Nb2 Nf8 37. Nd3 Ng6 38. a4 a5 39. Kd2 Ke7 40. Nc5 b6 41.
Nd3 Ke6 42. Kc2 Nf7 43. Ne1 Ne7 44. Ba6 Nd6 45. Bd3 h6 46. Ng2 c5 47. h4 Nc6
48. hxg5 hxg5 49. Bb5 Nd8 50. dxc5 bxc5 51. Ne1 Nxb5 52. axb5 c4 53. bxc4 dxc4
54. Kb2 Kd5 55. Nc2 Kc5 56. Nd4 Kb6 57. Ka3 Nf7 58. Kb2 Ne5 59. Ka2 Kb7 60. Ka3
Kb6 61. Ka4 Nd3 62. Ne6 Nb2+ 63. Ka3 Nd1 64. Nxg5 Nxc3 65. Ne6 Nxb5+ 66. Kb2
Kc6 67. Nxf4 c3+ 68. Kc2 1/2-1/2

[Event "FRA-chT"]
[Site "FRA"]
[Date "1998.02.07"]
[Round "2"]
[White "Gachon, Lionel"]
[Black "Tirard, Hugo"]
[Result "1/2-1/2"]
[WhiteElo "2315"]
[BlackElo "2380"]
[PlyCount "48"]
[EventDate "1998.02.06"]
[Source "ChesBase"]
[SourceDate "1998.07.07"]

1. e4 c5 2. Nf3 Nc6 3. d4 cxd4 4. Nxd4 Nf6 5. Nc3 e5 6. Ndb5 d6 7. Bg5 a6 8.
Na3 b5 9. Bxf6 gxf6 10. Nd5 Bg7 11. Bd3 Ne7 12. Nxe7 Qxe7 13. O-O f5 14. c3 Bb7
15. Re1 O-O 16. exf5 d5 17. Nc2 e4 18. a4 bxa4 19. Rxa4 Qd7 20. f6 Bxf6 21.
Bxe4 Qxa4 22. Qg4+ Kh8 23. Qf4 dxe4 24. Qxf6+ Kg8 1/2-1/2

[Event "FRA-chT"]
[Site "FRA"]
[Date "1998.02.07"]
[Round "2"]
[White "Gallagher, Joseph G"]
[Black "Boyd, Stephen"]
[Result "1-0"]
[WhiteElo "2490"]
[BlackElo "2355"]
[PlyCount "107"]
[EventDate "1998.02.06"]
[Source "ChesBase"]
[SourceDate "1998.07.07"]

1. e4 c5 2. Nf3 Nc6 3. d4 cxd4 4. Nxd4 Nf6 5. Nc3 e5 6. Ndb5 d6 7. Bg5 a6 8.
Na3 b5 9. Bxf6 gxf6 10. Nd5 Bg7 11. c3 f5 12. exf5 Bxf5 13. Nc2 O-O 14. Nce3
Bg6 15. h4 h6 16. Bd3 e4 17. Bc2 b4 18. Nxb4 Nxb4 19. cxb4 Rb8 20. Nd5 a5 21.
a3 Bxb2 22. Rb1 Be5 23. h5 Bh7 24. Qe2 axb4 25. axb4 f5 26. f4 exf3 27. gxf3
Kh8 28. Kf1 Qg5 29. Qf2 Qg3 30. Qxg3 Bxg3 31. f4 Rbe8 32. Rh3 Bg8 33. Rxg3 Bxd5
34. Rg6 Be4 35. Rxh6+ Kg7 36. Rg6+ Kh7 37. Rb2 Rb8 38. Bd1 Rb6 39. Be2 Rg8 40.
Rxg8 Kxg8 41. Kf2 Kf7 42. Ke3 Ke6 43. Kd4 Kd7 44. b5 Rb8 45. Bc4 Rh8 46. Rh2
Rh6 47. Rh3 Kc7 48. Be2 Kb6 49. Rg3 Rh7 50. Rg6 Kc7 51. h6 Rh8 52. Bc4 d5 53.
b6+ Kb8 54. Ba6 1-0

[Event "FRA-chT"]
[Site "FRA"]
[Date "1998.02.07"]
[Round "2"]
[White "Giacomini, Hector"]
[Black "Marchand, Francois"]
[Result "1-0"]
[WhiteElo "2305"]
[BlackElo "2305"]
[PlyCount "81"]
[EventDate "1998.02.06"]
[Source "ChesBase"]
[SourceDate "1998.07.07"]

1. d4 Nf6 2. Nf3 b5 3. e3 a6 4. a4 b4 5. c4 e6 6. Bd3 Bb7 7. Nbd2 c5 8. O-O d6
9. b3 Nbd7 10. Bb2 Be7 11. Qc2 h6 12. Rad1 Rc8 13. d5 exd5 14. cxd5 Nxd5 15.
Be4 N7b6 16. a5 Na8 17. Nc4 Nac7 18. Nb6 Nxb6 19. Bxb7 Nd7 20. Bxc8 Qxc8 21.
Bxg7 Rg8 22. Qh7 Nf6 23. Bxf6 Rxg2+ 24. Kh1 Qg4 25. Ne5 dxe5 26. Qh8+ Qg8 27.
Qxg8+ Rxg8 28. Bxe5 Nb5 29. Rd5 Rg6 30. Bb2 Rc6 31. Rc1 Bd6 32. Bd4 Nc7 33. Rh5
Ne6 34. Rxh6 Kd7 35. Bb2 Bf8 36. Rh5 Bd6 37. Rf5 Ke8 38. h4 Bc7 39. h5 Bxa5 40.
h6 Nf8 41. Rh5 1-0

[Event "FRA-chT"]
[Site "FRA"]
[Date "1998.02.07"]
[Round "2"]
[White "Gofshtein, Leonid D"]
[Black "Beikert, Guenther"]
[Result "1-0"]
[WhiteElo "2520"]
[BlackElo "2495"]
[PlyCount "49"]
[EventDate "1998.02.06"]
[Source "ChesBase"]
[SourceDate "1998.07.07"]

1. d4 Nf6 2. c4 c5 3. d5 e5 4. Nc3 d6 5. e4 Be7 6. Nf3 Bg4 7. h3 Bxf3 8. Qxf3
O-O 9. h4 Kh8 10. g4 Na6 11. Bd2 Nc7 12. g5 Ng8 13. Qg3 a6 14. a4 a5 15. f4
exf4 16. Bxf4 f6 17. Be3 g6 18. O-O-O Re8 19. Bd3 Na6 20. e5 dxe5 21. h5 fxg5
22. hxg6 h6 23. Ne4 Kg7 24. Nxg5 Bxg5 25. Bxg5 1-0

[Event "FRA-chT"]
[Site "FRA"]
[Date "1998.02.07"]
[Round "2"]
[White "Goldgewicht, Lionel"]
[Black "Dezan, Pierre"]
[Result "1-0"]
[WhiteElo "2365"]
[BlackElo "2210"]
[PlyCount "105"]
[EventDate "1998.02.06"]
[Source "ChesBase"]
[SourceDate "1998.07.07"]

1. e4 e6 2. d4 d5 3. Nc3 dxe4 4. Nxe4 Bd7 5. Nf3 Bc6 6. Bd3 Nd7 7. Qe2 Ngf6 8.
Bg5 Be7 9. Ng3 O-O 10. O-O-O Bxf3 11. Qxf3 c5 12. dxc5 Qa5 13. Kb1 Nxc5 14. Nh5
Rfd8 15. Nxf6+ Bxf6 16. Bxf6 gxf6 17. Qxf6 Nxd3 18. cxd3 Rd5 19. d4 Rad8 20.
Rd3 Rg5 21. Rg3 Rg6 22. a3 Qd5 23. Rd1 e5 24. Qf5 Kg7 25. Rg5 f6 26. Rg4 exd4
27. Rxg6+ hxg6 28. Qxd5 Rxd5 29. Kc2 Kf7 30. Kd3 g5 31. Kc4 Re5 32. Rd2 g4 33.
Kxd4 Rh5 34. Ke3 Ke6 35. Kf4 Rxh2 36. Kg3 Rh5 37. Kxg4 Rg5+ 38. Kf3 a5 39. g4
f5 40. gxf5+ Rxf5+ 41. Kg4 Rb5 42. Re2+ Kf6 43. Kf4 a4 44. Ke4 Rb3 45. Kd4 Kf5
46. Rc2 Kf4 47. Kc4 Ke4 48. Rd2 b5+ 49. Kc5 Kf5 50. f4 Kxf4 51. Rd4+ Ke3 52.
Rb4 Kd3 53. Kxb5 1-0

[Event "FRA-chT"]
[Site "FRA"]
[Date "1998.02.07"]
[Round "2"]
[White "Guadalpi, Celine"]
[Black "Piquemal, Christianne"]
[Result "1/2-1/2"]
[WhiteElo "2005"]
[BlackElo "2060"]
[PlyCount "101"]
[EventDate "1998.02.06"]
[Source "ChesBase"]
[SourceDate "1998.07.07"]

1. d4 d5 2. Nf3 Nf6 3. Bf4 c6 4. c3 Qb6 5. Qb3 Qxb3 6. axb3 Nbd7 7. c4 g6 8.
Nc3 Bg7 9. e3 O-O 10. h3 Re8 11. Ne5 e6 12. Be2 Nxe5 13. Bxe5 Ne4 14. Bxg7 Kxg7
15. Nxe4 dxe4 16. O-O a6 17. Rfd1 Bd7 18. b4 Rad8 19. Ra5 f5 20. b5 axb5 21.
cxb5 Ra8 22. Rda1 Rxa5 23. Rxa5 cxb5 24. Bxb5 Bxb5 25. Rxb5 Re7 26. h4 Rc7 27.
Kh2 Kf6 28. Kg3 h6 29. f3 exf3 30. Kxf3 Ke7 31. Rb6 Rd7 32. g3 Kf6 33. b3 Ke7
34. g4 fxg4+ 35. Kxg4 Kf6 36. Rb5 Rc7 37. Rb6 Rd7 38. Kf4 Ke7 39. e4 Rxd4 40.
Rxb7+ Kd6 41. Rg7 g5+ 42. hxg5 hxg5+ 43. Rxg5 Rb4 44. Rg3 Rd4 45. Rg8 Rb4 46.
Rd8+ Ke7 47. Rd3 Kf6 48. Rc3 Rb5 49. Rd3 Rb4 50. Rf3 Rb5 51. Rc3 1/2-1/2

[Event "FRA-chT"]
[Site "FRA"]
[Date "1998.02.07"]
[Round "2"]
[White "Hagege, Gerard"]
[Black "Riff, Sebastien"]
[Result "0-1"]
[WhiteElo "2205"]
[BlackElo "2235"]
[PlyCount "58"]
[EventDate "1998.02.06"]
[Source "ChesBase"]
[SourceDate "1998.07.07"]

1. e4 c5 2. Nf3 d6 3. d4 cxd4 4. Nxd4 Nf6 5. Nc3 e6 6. Be3 a6 7. f3 b5 8. Qd2
Nbd7 9. g4 Nb6 10. g5 Nfd7 11. f4 Qc7 12. Bd3 Rb8 13. Nce2 Bb7 14. b3 e5 15.
fxe5 dxe5 16. Nf5 Nc5 17. O-O Bxe4 18. Neg3 Bxd3 19. cxd3 Ne6 20. Rac1 Qd7 21.
Ne4 Nd5 22. Qf2 Ndf4 23. Bxf4 Nxf4 24. Nxg7+ Bxg7 25. Qc5 Qg4+ 26. Ng3 Ne2+ 27.
Kg2 Nxc1 28. Qxc1 O-O 29. h3 Qd4 0-1

[Event "FRA-chT"]
[Site "FRA"]
[Date "1998.02.07"]
[Round "2"]
[White "Hamdouchi, Hichem"]
[Black "Chabanon, Jean Luc"]
[Result "1-0"]
[WhiteElo "2535"]
[BlackElo "2465"]
[PlyCount "71"]
[EventDate "1998.02.06"]
[Source "ChesBase"]
[SourceDate "1998.07.07"]

1. e4 d6 2. d4 Nf6 3. Nc3 g6 4. Be3 Bg7 5. Qd2 c6 6. Bh6 Bxh6 7. Qxh6 Qa5 8.
Bd3 c5 9. Nf3 cxd4 10. Nxd4 Nc6 11. Nb3 Qb6 12. Nd5 Nxd5 13. exd5 Ne5 14. O-O
Bd7 15. Be2 O-O-O 16. a4 Kb8 17. a5 Qc7 18. c4 Bg4 19. Bxg4 Nxg4 20. Qf4 Ne5
21. Ra4 g5 22. Qd4 h5 23. Rc1 h4 24. Qe3 h3 25. g3 e6 26. Nd4 Qc5 27. Rc3 Ng4
28. Qd2 e5 29. Nb3 Qc8 30. c5 dxc5 31. Nxc5 Qf5 32. d6 Nf6 33. g4 Qg6 34. Rc1
Rh4 35. f3 Nxg4 36. Qd5 1-0

[Event "FRA-chT"]
[Site "FRA"]
[Date "1998.02.07"]
[Round "2"]
[White "Harovelo, Ingmar"]
[Black "Hebden, Mark"]
[Result "0-1"]
[WhiteElo "2285"]
[BlackElo "2585"]
[PlyCount "79"]
[EventDate "1998.02.06"]
[Source "ChesBase"]
[SourceDate "1998.07.07"]

1. d4 Nf6 2. c4 g6 3. Nc3 Bg7 4. g3 O-O 5. Bg2 d6 6. Nf3 Nc6 7. d5 Na5 8. Nd2
c6 9. O-O cxd5 10. cxd5 Bd7 11. Rb1 Rc8 12. h3 Qb6 13. Nde4 Nxe4 14. Nxe4 Bf5
15. b3 Nc4 16. g4 Bxe4 17. Bxe4 Ne5 18. Be3 Qb4 19. Bg2 f5 20. f4 Nd7 21. Rc1
fxg4 22. hxg4 g5 23. Qd2 Bc3 24. Qd3 gxf4 25. Rxf4 Rxf4 26. Bxf4 Qxf4 27. Rxc3
Rxc3 28. Qxc3 Qxg4 29. Qc8+ Kf7 30. Qxb7 Qd4+ 31. Kh2 Nf6 32. Bf3 Qf2+ 33. Kh1
Qe1+ 34. Kg2 Ne4 35. Bxe4 Qxe2+ 36. Kg1 Qe3+ 37. Kh2 Qxe4 38. Qxa7 Qxd5 39.
Qf2+ Ke8 40. Kh3 0-1

[Event "FRA-chT"]
[Site "FRA"]
[Date "1998.02.07"]
[Round "2"]
[White "Hauchard, Arnaud"]
[Black "Rechlis, Gad"]
[Result "1/2-1/2"]
[WhiteElo "2480"]
[BlackElo "2520"]
[PlyCount "83"]
[EventDate "1998.02.06"]
[Source "ChesBase"]
[SourceDate "1998.07.07"]

1. c4 b6 2. Nc3 Bb7 3. d4 e6 4. e4 Bb4 5. Bd3 f5 6. d5 fxe4 7. Bxe4 Nf6 8. Bf3
Bxc3+ 9. bxc3 O-O 10. Ne2 e5 11. Ng3 d6 12. O-O Nbd7 13. Be3 Qe8 14. Re1 Ba6
15. Be2 Nc5 16. Bxc5 bxc5 17. Bd3 Nd7 18. Qc2 g6 19. a4 Qe7 20. a5 Rab8 21.
Rab1 Rxb1 22. Rxb1 Nf6 23. f3 Kg7 24. Rb2 Qd7 25. Qb1 Qd8 26. Ra2 Nd7 27. Ne4
Qh4 28. Rb2 Nf6 29. Qc1 Nxe4 30. Bxe4 Bxc4 31. Rb7 Qd8 32. a6 Bxa6 33. Rxa7 Bc4
34. Qa3 Rf7 35. Qa4 Qb8 36. Ra8 Qb7 37. Qe8 c6 38. dxc6 Qb2 39. h3 Qc1+ 40. Kh2
Qf4+ 41. Kh1 d5 42. Bxg6 1/2-1/2

[Event "FRA-chT"]
[Site "FRA"]
[Date "1998.02.07"]
[Round "2"]
[White "Ikonnikov, Vyacheslav"]
[Black "Roos, Daniel"]
[Result "1-0"]
[WhiteElo "2550"]
[BlackElo "2430"]
[PlyCount "77"]
[EventDate "1998.02.06"]
[Source "ChesBase"]
[SourceDate "1998.07.07"]

1. d4 Nf6 2. Nf3 g6 3. c4 Bg7 4. Nc3 d5 5. cxd5 Nxd5 6. e4 Nxc3 7. bxc3 O-O 8.
Be3 c5 9. Qd2 Qa5 10. Qc1 Nd7 11. Bd3 e5 12. dxe5 Nxe5 13. Nxe5 Bxe5 14. f4 Bg7
15. O-O Rd8 16. Qc2 Bd7 17. f5 Bb5 18. Bxb5 Qxb5 19. f6 Bf8 20. e5 Qc4 21. Rae1
Re8 22. Bf4 Rad8 23. Rf3 Re6 24. h4 h5 25. Re2 Ra6 26. Kh2 Qe6 27. Rg3 Kh8 28.
Rd2 Re8 29. Qb3 Qxb3 30. axb3 c4 31. b4 Rae6 32. Rd7 Rxe5 33. Bxe5 Rxe5 34. Rd8
Kg8 35. Rg5 Re6 36. Rc5 Rxf6 37. Rcc8 Kg7 38. Rxf8 Rf4 39. Kh3 1-0